000 00639nam a2200145 a 4500
008 120416s1970 ||||||||||||||||| || u
050 _aQC 92.2 Gle
100 _aGlendening, David
245 1 4 _aThe plain man's guide to the metric system in Zambia
260 _aLusaka
_bZambia Publishing Co
_c1970
300 _a42p. : ill.
350 _a0.00
995 _aSPECIAL COLLECTIONS
_D0.00
_e722402
_FCBU-MAIN LIBRARY (Kitwe)
_H2
_I0.00
_jZAM QC 92.2 Gle
_UAVAILABLE
_y024332
_ZZambiana Collection
995 _aSPECIAL COLLECTIONS
_D0.00
_e722401
_FCBU-MAIN LIBRARY (Kitwe)
_H1
_I0.00
_jZAM QC 92.2 Gle
_M1
_UAVAILABLE
_WOct 2, 2007
_y024338
_ZZambiana Collection
999 _c81927
_d81927